000 00945nas a2200277 4500
001 BR7802968
003 BR-BrBNA
005 20231205083427.0
007 ta
008 230509b bl.|||p| |||| 00| 00por d
040 _aBR-BrBNA
_bpor
_cBiblioteca Nacional de Agricultura
041 _a(Pt)
072 _aE70
110 1 _aEmpresa de Pesquisa Agropecuaria de Minas Gerais, Belo Horizonte (Brasil)
245 1 _aIndice geral de precos pagos e recebidos pela agricultura mineira. Estatisticas agricolas [Brasil]
650 _aMERCADO
650 _aPRECO MEDIO
650 _aPRECO RECEBIDO
650 _aPRECO PAGO
650 _aMERCADO ATACADISTA
650 _aMERCADO VAREJISTA
650 _aMINAS GERAIS
773 0 _tInforme Agropecuario - Empresa de Pesquisa Agropecuaria de Minas Gerais (Brazil)
_xISSN 0100-3364
_g(Aug 1977), v. 3(32) p. 135-158
_wBR7802968
909 _a202311
_bLúcia
_c55
_dLúcia Elande
942 _2AGRIS
_n0
_cANA
999 _c98678
_d98678